000 00635nas a2200217 4500
001 BR8703431
003 BR-BrBNA
005 20231205090657.0
007 ta
008 230509b bl.|||p| |||| 00| 00por d
040 _aBR-BrBNA
_bpor
_cBiblioteca Nacional de Agricultura
041 _a(Pt)
072 _aL73
110 1 _aInstituto Estadual de Saude Animal, Belo Horizonte, MG (Brasil)
_96338
245 1 _aMamite: uma doenca facil de prevenir
650 _aBOVINO
650 _aMAMITE
773 0 _tIESACAO (Brazil)
_x
_g(Jun 1986), (no. 33) p. 1
_wBR8703431
909 _a202311
_bLúcia
_c55
_dLúcia Elande
942 _2AGRIS
_n0
_cANA
999 _c120200
_d120200